000 01221nam a2200229Ia 4500
001 L230-5963
003 IT-CnALBA
008 170116s9999||||xx |||||||||||||| ||und||
040 _aIT-CnALBA
_cIT-CnALBA
041 _aLATINO
100 _aMARTINET, ABATE
245 0 _aINSTITUTIONES THEOLOGICAE. TOMUS II.
250 _a1a ed.
260 _aPARIS
_bLECOFFRE J. BIBLIOP., LIBRAIRIE PARIS'
_c1859 [1° Ed.:1859 - Ed.Ling.Originale: 1859]
300 _a582 p.
500 _aVITA PUBBLICA DI GESÙ. RIVELAZIONE DEL PADRE E DI GESÙ. DOTTRINA DI GESÙ SUL MONDO. OPERE DI GESÙ. MINISTERO EVANGELICO. SCELTA DI PIETRO. PASSIONE MORTE RISURREZIONE ASCENSIONE DI GESÙ. STORIA EVANGELICA. VERITÀ DEL VANGELO. CONCORDIA E DIVERSITÀ DEI VAN
501 _aSocietà San Paolo EM - Piazza San Paolo, 14 - 12051 ALBA (CN) (non commercial uses only) ® Copyright 2017
520 _aVITA PUBBLICA DI GESÙ. RIVELAZIONE DEL PADRE E DI GESÙ. DOTTRINA DI GESÙ SUL MONDO. OPERE DI GESÙ. MINISTERO EVANGELICO. SCELTA DI PIETRO. PASSIONE MORTE RISURREZIONE ASCENSIONE DI GESÙ. STORIA EVANGELICA. VERITÀ DEL VANGELO. CONCORDIA E DIVERSITÀ DEI VAN
650 _aDOGMATICA CRISTIANA
942 _cBK
957 _71
999 _a6939
_bSI
_g Copie: 1
_c265145
_d265145